Вып. 3; Альманах библиофила

Dades bibliogràfiques
Parent link:Альманах библиофила/ под ред. Е. И. Осетрова. Вып. 3.— , 1973-
Altres autors: Осетров Е. И. (редактор)
Idioma:rus
Publicat: 1976
Matèries:
Format: MixedMaterials Llibre
KOHA link:https://koha.lib.tpu.ru/cgi-bin/koha/opac-detail.pl?biblionumber=330851

MARC

LEADER 00000nam2a2200000 4500
001 330851
005 20231102004311.0
035 |a (RuTPU)RU\TPU\book\356639 
035 |a RU\TPU\book\102324 
090 |a 330851 
100 |a 20170412d1976 km y0rusy50 ca 
101 0 |a rus 
102 |a RU 
105 |a ac z 000cy 
200 0 |a Вып. 3 
210 |d 1976 
215 |a 255 с.  |c ил. 
461 1 |0 (RuTPU)RU\TPU\book\86895  |t Альманах библиофила  |f под ред. Е. И. Осетрова  |v Вып. 3  |d 1973- 
606 1 |a Библиофильство  |2 stltpush  |3 (RuTPU)RU\TPU\subj\28632  |9 52148 
610 1 |a книговедение 
610 1 |a история книги 
610 1 |a литература 
610 1 |a мировая литература 
610 1 |a личные собрания 
610 1 |a книжные коллекции 
610 1 |a книжные общества 
610 1 |a книжные памятники 
610 1 |a книголюбы 
610 1 |a библиофилы 
610 1 |a автографы 
610 1 |a библиотеки 
686 |a Ч610.6  |2 rubbk 
702 1 |a Осетров  |b Е. И.  |4 340 
801 1 |a RU  |b 63413507  |c 20060427  |g PSBO 
801 2 |a RU  |b 63413507  |c 20170420  |g PSBO 
942 |c BK